Quizzes
Events
Quiz Creation
Community
Videos
Private Events
Remove Ads
Sign In
Join for FREE
Feedback
Dark Mode
Quiz Categories
Sports
Geography
Music
Movies
Television
Just For Fun
Miscellaneous
History
Literature
Language
Science
Gaming
Entertainment
Religion
Holiday
For Kids
Quiz Lab
Recent
Popular Today
Quiz Kudos Today
Editor Picks
Curator Picks
Quizzes by...
Day
Popularity
Type
Ratings
Length
Year
Community
Subscriptions
Recent Discussions
Orange Saloon
Badges
Playlists
Quests
Create
Leaderboards
Showdown
Live 5
Trivia Bingo
Activity
Puzzle Library
Sporcle Events
Private Events
Virtual Trivia
Globe League
Become a Host
Pub Owners
SporcleCon
Opinionation
Our Games
Videos
Blog
Mobile Apps
Partnerships
Remove Ads and Go Orange
Feedback
Geography
Country
Landmarks
City
State
Population
World
Capital
Continent
Flags
Europe
Africa
Asia
South America
North America
Oceania
Border
Canada
United Kingdom
Topography
United States
Geography
Country
Landmarks
City
State
Population
World
Capital
Continent
Flags
Europe
Africa
Asia
South America
North America
Oceania
Border
Canada
United Kingdom
Topography
United States
Random Quiz
Search Sporcle
×
Quiz Lab
Quiz Lab
Geography
City
Type in answers that appear in a list
Type in answers that appear in a list
Classic
Best Score? Go Orange.
British cities by postcodes Stats
Can you name the UK cities or towns by their postcode areas ?
By
dancastro
10m
60 Questions
251 Plays
251 Plays
251 Plays
Comments
Comments
Give Quiz Kudos
Give Quiz Kudos
-
- Ratings
hide this ad
Forced Order
Answers have to be entered in order
Answers have to be entered in order
Replay
Link that replays current quiz
Next Quiz
Link to next quiz in quiz playlist
You Got
0%
They Got
Avg Score
76%
Avg Friend Score
Upgrade to see
Score Distribution
Jump to the score distribution portion of the page
Score
0/60
Timer
10:00
0
Plays Today
Postcode
City/town
% Correct
B
Birmingham
98.8%
AB
Aberdeen
96.8%
OX
Oxford
92%
EX
Exeter
91.6%
M
Manchester
90.4%
IP
Ipswich
90%
L
Liverpool
89.2%
G
Glasgow
87.6%
CF
Cardiff
86.5%
NE
Newcastle upon Tyne
86.5%
LE
Leicester
86.1%
IV
Inverness
85.7%
NG
Nottingham
85.7%
YO
York
85.3%
CV
Coventry
85.3%
EH
Edinburgh
84.9%
HU
(Kingston upon) Hull
84.9%
PO
Portsmouth
84.5%
BS
Bristol
84.5%
GL
Gloucester
84.1%
PL
Plymouth
83.7%
LS
Leeds
82.5%
LU
Luton
82.1%
BA
Bath
81.7%
BD
Bradford
81.3%
NR
Norwich
80.5%
RG
Reading
80.5%
WV
Wolverhampton
79.7%
DE
Derby
79.3%
PE
Peterborough
78.9%
Postcode
City/town
% Correct
CB
Cambridge
78.1%
LA
Lancaster
77.7%
DD
Dundee
76.9%
NN
Northampton
76.5%
HD
Huddersfield
76.1%
CH
Chester
75.3%
S
Sheffield
74.9%
BN
Brighton
74.9%
BB
Blackburn
74.5%
LN
Lincoln
74.1%
OL
Oldham
73.7%
NP
Newport
71.3%
BH
Bournemouth
70.1%
WA
Warrington
68.9%
SN
Swindon
68.5%
ST
Stoke-on-Trent
68.5%
DN
Doncaster
68.1%
TF
Telford
67.7%
BT
Belfast
66.1%
CM
Chelmsford
65.7%
SA
Swansea
65.3%
CA
Carlisle
62.5%
DH
Durham
62.5%
CT
Canterbury
59.4%
HR
Hereford
59.4%
WR
Worcester
58.2%
SK
Stockport
57.4%
BL
Bolton
57%
CR
Croydon
56.6%
PH
Perth
56.2%
Quiz Playlist
Details
Report
Send in Message
Add To Playlist
Classic:
Type in answers that appear in a list
Forced Order:
Answers have to be entered in order
Last Updated: Feb 16, 2017
Quiz Scoreboard
CHALLENGE
Sign Up to Join the Scoreboard
Show All
Scores
Hide
Comments
May contain spoilers
Recently Published
9x9 Crossword: Cartoon Network
by jackfrog10
Miscellaneous
3m
College Basketball Coaching Resumes
by pancakes188
Sports
9m
Billboard Blitz: Fleetwood Mac
by CooCooCachoo
Music
15s
More to Explore
Quiz From the Vault
Featured Blog Post
Where Did the Easter Bunny Come From?
hide this ad
You Might Also Like...
Tags
City Quiz
area
British
postcode
postpone
Town
Today's Top Quizzes in Geography
Browse Geography
hide this ad
Today's Top Quizzes in City
Browse City
Top Contributed Quizzes in Geography
1
Countries of the World - No Outlines Minefield
2
Top 25 Cities of France on a map
3
Any capital of a 'B' country per Continent
4
Any capital of a 'C' country per Continent
5
Closest Countries to UK A-Z
6
Any capital of a 'D' country per Continent
7
5-to-1: US Geography No Hints
8
Any capital of an 'E' country per Continent
9
Find the US States - No Outlines
10
Any capital of an 'F' country per Continent
Explore More
Trending Topics
NBA
Crossword
Kpop
Marvel
Anime
Disney
Harry Potter
Pokémon
NFL
WWE
The Office
Song
Puzzle
Country
Soccer
hide this ad
More By:
dancastro
Quiz
Plays
Rating
Category
Featured
Created
Longest Countries
193,269
4.66
Geography
Sep 16, 2010
Slimmest Countries
148,289
4.36
Geography
Oct 10, 2010
Eccentric State Capitals
107,250
4.39
Geography
Jan 9, 2011
Nearest Countries With The Same Initial
100,209
4.78
Geography
Nov 3, 2010
Longest Countries II (All-Inclusive)
72,576
4.71
Geography
Oct 3, 2010
Go to Creator's Profile
Score Distribution
Quiz Creator Spotlight
dancastro
Follow
Send a Message
Quizzes Created
-
Created Quiz Play Count
-
More By This Creator
Popular Quizzes Today
1
Find the US States - No Outlines Minefield
2
Find the Countries of Europe - No Outlines Minefield
3
The Countries of the World
4
Find the US States
5
Risky Map Clicking: Biggest States A-Z
6
US States
7
Popular People in 1961
8
Movies - When Are They Set?
More Geography Quizzes
North America (Redux)
Published
Trending Quizzes
Risky Map Clicking: Least Populous States A-Z
1-10 Letter G Words
1-10 Letter F Words
Risky Map Clicking: Next State Alphabetically
Adjectives in 80s TV Shows
Recently Updated
Leaping Animals
pecheneg
Reality TV Shows (A-Z)
bhenderson79
Rickey Henderson's Hall of Fame Teammates
pecheneg
Champions League XIs: Arsenal
pecheneg
Quick Pick: Celebrities in WWE's Hall of Fame
aduchscher
A-Z Keypad Blitz II
pecheneg
Multiple Oscar Actors
pecheneg
Mystery Phrase Blitz: Oscar 'Best Actors'
pecheneg
F. Scott Fitzgerald Novels
LTH
Pick 3 Villains
ddd62291
Trending Topics
Harry Potter
NBA
Anime
Marvel
Disney
Kpop
Crossword
Song
The Office
Puzzle
WWE
NFL
Pokémon
Country
Soccer
Your Account Isn't Verified!
In order to create a playlist on Sporcle, you need to verify the email address you used during registration. Go to your
Sporcle Settings
to finish the process.
Report this User
Report this user for behavior that violates our
Community Guidelines
.
Details:
Send Report
Go to the Sporcle.com Mobile Site →
Comments